| 000 | 00533nam a22001817a 4500 | ||
|---|---|---|---|
| 005 | 20260313095633.0 | ||
| 008 | 260313b |||||||| |||| 00| 0 eng d | ||
| 020 | _a9788199103009 | ||
| 040 |
_aIN-DiNC _cIN-DiNC |
||
| 041 | _deng | ||
| 082 |
_a337 _bAHM |
||
| 100 |
_aAhmed, Rofique _eauthor |
||
| 245 |
_aInternational economics (Major13)/ _cby Rofique Ahmed |
||
| 260 |
_aJorhat: _bNorth East institute of research consultancy and publication, _c2025. |
||
| 300 | _a329p. | ||
| 650 | _aInternational economics | ||
| 942 |
_2ddc _cBK |
||
| 999 |
_c12329 _d12329 |
||